| 000 | 00774nam0a22002411 4500 | ||
|---|---|---|---|
| 001 | rc\154042 | ||
| 005 | 20250620211617.0 | ||
| 010 |
_a5-213-01568-9 _9100000 |
||
| 035 | _a(NLR Aleph) 005421572 | ||
| 090 |
_a7481443 _c7481443 |
||
| 100 | _a20030307d1994 |||y0rusy50 ca | ||
| 101 | 0 | _arus | |
| 102 | _aRU | ||
| 105 | _aa ||||||||| | ||
| 200 | 1 |
_aСказка об умном мышонке _e[Стихи _eДля дошк. возраста] _fС. Маршак _g[Рис. А. Савченко] |
|
| 210 |
_aМ. _cМалыш _dБ. г. (1994) |
||
| 215 |
_a[18] с. _cцв. ил. _d26 |
||
| 700 | 1 |
_aМаршак _bС.Я. _f1887-1964 _gСамуил Яковлевич |
|
| 801 | 0 |
_aRU _bNLR _gpsbo |
|
| 801 | 1 |
_aRU _bELAR _2rusmarc |
|
| 852 |
_aNLR _j95-8/51 |
||
| 942 | _cBOOK | ||
| 980 | _aNB | ||